000 01528nam a2200469 i 4500
001 24778
003 KOSZ 005
005 20250722063907.0
008 980702s1996 pl f |000 0 pol
015 _aUWD 1996/791
020 _a8301119632
035 _a991003859159705066
035 _a(PL-WaBN)b11029304-48omnis_nlop
035 _ab11029304
035 _a(OCoLC)830096747
035 _a(PL)b0000001102930
035 _a(EXLNZ-48OMNIS_NETWORK)9910514602605606
040 _aWA N
_cWA N
_dKOSZ 005/EG
041 0 _apol
080 _a338.242
080 _a(075.8)
100 1 _aSurdykowska, Stanisława
_eAutor
245 1 0 _aPrywatyzacja /
_cStanisława Teresa Surdykowska ; Fundacja Edukacyjna Przedsiębiorczości.
260 _aWarszawa :
_bWydaw. Naukowe PWN,
_c1996.
300 _a265, [2] s. ;
_c24 cm.
336 _aTekst
_btxt
_2rdacontent
337 _aBez urządzenia pośredniczącego
_bn
_2rdamedia
338 _aWolumin
_bnc
_2rdacarrier
380 _aKsiążki
388 _a1901-2000
388 _a1989-2000
490 1 _aPrzedsiębiorczość
504 _aBibliogr. s. 259-[266].
650 7 _aPrywatyzacja
_2DBN
655 7 _aPodręczniki akademickie
_2DBN
658 _aGospodarka, ekonomia, finanse
710 2 _aWydawnictwo Naukowe PWN
_4pbl
830 0 _aPrzedsiębiorczość (PWN)
856 _uhttp://koha.tu.koszalin.pl/cgi-bin/koha/opac-detail.pl?biblionumber=24778
_yKatalog online BPK
942 _2UKD
_cKS
999 _c24778
_d24778